Co-operative movement in Slovakia chapter 4
História a vývojové štádium družstevného hnutia na Slovensku. Vývoj družstevného hnutia na Slovensku. Deformácia družstevného hnutia. Transformácia družstevného hnutia. Vývojové etapy v rokoch 1990-apríl 2004. Globalizácia družstevného hnutia na Slovensku. Súčasná situácia a perspektívy. Prípadové š...
Salvato in:
| Autore principale: | |
|---|---|
| Natura: | Capitolo di libro |
| Lingua: | inglese |
| Soggetti: | |
| Tags: |
Nessun Tag, puoi essere il primo ad aggiungerne!!
|
MARC
| LEADER | 00000naa$a2200000$$$4500 | ||
|---|---|---|---|
| 001 | 0053552 | ||
| 005 | 20240502071624.0 | ||
| 041 | 0 | |a eng | |
| 044 | |a SK | ||
| 245 | 1 | 0 | |a Co-operative movement in Slovakia |b chapter 4 |c Elena Šúbertová |
| 520 | |a História a vývojové štádium družstevného hnutia na Slovensku. Vývoj družstevného hnutia na Slovensku. Deformácia družstevného hnutia. Transformácia družstevného hnutia. Vývojové etapy v rokoch 1990-apríl 2004. Globalizácia družstevného hnutia na Slovensku. Súčasná situácia a perspektívy. Prípadové štúdie. Vývoj spotrebiteľských družstevných spoločností. Organizačná štruktúra družstevného hnutia. Štatistické údaje. Vývoj a perspektívy slovenského družstevného hnutia. Významné osobnosti. | ||
| 610 | 2 | 0 | |a družstvá |
| 610 | 2 | 0 | |a družstvá poľnohospodárske |
| 610 | 2 | 0 | |a história |
| 610 | 2 | 0 | |a transformácia |
| 610 | 2 | 0 | |a globalizácia |
| 610 | 2 | 0 | |a štúdie prípadové |
| 610 | 2 | 0 | |a družstvá spotrebné |
| 610 | 2 | 0 | |a údaje štatistické |
| 610 | 2 | 0 | |a Slovensko |
| 100 | 1 | |a Šúbertová, Elena | |